Caricamento...
Maalaakhamaar chiraku veesumbol
| Autore principale: | |
|---|---|
| Natura: | Printed Book |
| Pubblicazione: |
Kollam, Imprint
1994
|
| LEADER | 004170000a22001330004500 | ||
|---|---|---|---|
| 040 | |a MAL | ||
| 082 | |a A301 BAL2/M N4 | ||
| 100 | |a Balakrishnan, C V | ||
| 245 | |a Maalaakhamaar chiraku veesumbol | ||
| 260 | |a Kollam, Imprint | ||
| 260 | |c 1994 | ||
| 465 | |a R 25 | ||
| 999 | |c 22677 |d 22677 | ||
| 952 | |0 0 |1 0 |4 0 |6 A_000000000000000_301_BAL2M_N4 |7 0 |8 MAL |9 22498 |a MGUL |b MGUL |d 2013-07-16 |e R 25 |l 0 |o A301 BAL2/M N4 |p 24487 |r 2013-07-16 |w 2013-07-16 |y BK | ||